000 00834nam a2200253Ia 4500
003 OSt
005 20220923211253.0
006 a|||||r|||| 00| 0
007 ta
008 Pun
020 _a9788178836882 (hbk)
_c350
024 _a260,240
037 _b530, 02/12/2011, H.K. Prakashan
_cTextual
040 _aARTS
_cARTS
_bPun
041 _2Pun
_aPun
082 _aO153,1:gN, Q1
100 _aਅਰੋੜਾ, ਨੀਤੂ
245 0 _aਸਮਕਾਲੀ ਪੰਜਾਬੀ ਕਵਿਤਾ
_b ਪ੍ਰਤਿਰੋਧੀ ਪ੍ਰਵਚਨ
260 _aਲੁਧਿਆਣਾ
_b ਚੇਤਨਾ
_c2011
300 _a280ਪੰ
_ccm.
650 _aਪੰਜਾਬੀ ਸਾਹਿਤ
942 _hO153,1:gN, Q1
_cTEXL
_2CC
999 _c298022
_d298022